000 01388nam a22002177a 4500
008 230220s2022 ke |||||o|||| 00| 0 eng d
020 _a9789280739848
041 _aeng
110 _aUnited Nations Environment Programme
245 _a2022 Global Status Report for Buildings and Construction
260 _bUnited Nations Environment Programme,
_c2022,
_aNairobi
300 _a101p.
520 _aProvides an annual snapshot of the progress of the buildings and construction sector on a global scale and reviews the status of policies, finance, technologies, and solutions to monitor whether the sector is aligned with the Paris Agreement goals. It also provides stakeholders with evidence to persuade policymakers and the overall buildings and construction community to take action. The 2022 Buildings-GSR finds that despite a substantial increase in investment and success at a global level lowering the energy intensity of buildings, the sector’s total energy consumption and CO2 emissions increased in 2021 above pre-pandemic levels.
650 _aNet-zero carbon
650 _aEnergy efficiency
651 _aInternational
690 _96238
_aEnvironment
710 _aUnited Nations Environment Programme
856 _uhttps://www.unep.org/resources/publication/2022-global-status-report-buildings-and-construction
_zAvailable from UNEP
942 _n0
999 _c121378
_d121378